350 Dicas de direito tributr̀io

Detalles Bibliográficos
Autor principal: Bartine, Caio
Formato: eBook
Lenguaje:portugués
Publicado: San Pablo: Editora Foco, 2021
Materias:
Acceso en línea:Acceso restringido

MARC

LEADER 00000nam a22000007a 4500
005 20211116214952.0
007 cr|||| |||
008 211116s2021 br |||||s|||| 00||0 por d
020 |a 978-65-5515-059-9 
035 |a 35421 
040 |a vLex 
090 |c 12659  |d 12659 
100 1 |a Bartine, Caio 
245 1 0 |a 350 Dicas de direito tributr̀io  |h [Recurso electrn̤ico] /  |c Caio Bartine 
256 |a Servicio en ln̕ea 
260 |a San Pablo:  |b Editora Foco,  |c 2021 
300 |a 1 recurso electrn̤ico 
500 |a A presente obra nô tem o condô de esgotar temas importantes do Direito Tributr̀io, mas de nortear estudantes, examinandos da OAB e concursandos em geral sobre as principais dicas dessa disciplina. Para tanto, as dicas foram divididas em tp̤icos, partindo do Direito Constitucional Tributr̀io at ̌as sm︢ulas vinculantes em matřia tributr̀ia, sendo cuidadosamente preparadas para o melhor aproveitamento do leitor. Bons estudos! 
506 1 |a Disponible solo en los productos indicados  |d vLex Global  |d vLex Global (Academic Edition, excluding Law Schools)  |d vLex Global (U.S. Academic Edition, Law Schools)  |d vLex Global (U.S. Academic Edition, excluding Law Schools)  |d vLex Global (Academic Edition, Law Schools) 
650 0 4 |a Derecho Tributario  |z Brasil 
740 0 |a vLex Libros (Servicio en ln̕ea) 
856 4 0 |u https://app.vlex.com/#/sources/35421  |z Acceso restringido 
942 |c BOOK 
999 0 |a Tax Law